[Event "71st RUS-ch Higher League 2018"]
[Site "Yaroslavl"]
[Date "2018.06.28"]
[Round "3"]
[White "Vavulin, Maksim"]
[Black "Gordievsky, Dmitry"]
[Result "1/2-1/2"]
[WhiteElo "2552"]
[BlackElo "2641"]
[Annotator "TA"]
[PlyCount "95"]
[EventDate "2018.06.26"]
[EventType "swiss"]
[EventCountry "RUS"]
[SourceTitle "playchess.com"]
[Source "ChessBase"]
[SourceQuality "1"]

{[%evp 11,95,26,25,0,1,4,27,11,20,21,30,27,18,25,31,29,34,28,26,6,75,0,-1,-138,-140,-138,-110,-196,-106,-102,-94,-99,-97,-77,0,0,0,0,0,0,0,0,0,0,0,0,0,-24,0,0,0,0,0,-7,-2,-17,0,0,0,0,22,0,0,0,0,0,0,0,0,0,0,0,0,0,0,0,0,-8,-8,-8,-8,-8,-8,-8,-8,-8]} 1. e4 c5 2. Nf3 e6 3. d4 cxd4 4. Nxd4 a6 5. Nc3 Qc7 6. Bd3 Nf6 {LiveBook: 1938 Partien} 7. g4 {B43: Sizilianisch (Paulsen-Variante)} (7. O-O Bc5 8. Nb3 Ba7 9. Bg5 Nc6 10. Kh1 b5 11. f4 h6 12. Bh4 b4 13. e5 bxc3 14. exf6 g5 15. Bg3 cxb2 16. Rb1 Qd8 17. fxg5 hxg5 {1-0 (34) Dubov,D (2677)-Gordievsky,D (2605) Moscow 2017}) 7... Bb4 8. Bd2 d5 9. Qe2 {Weiß hat minimalen Vorteil.} (9. g5 $5 {[%cal Rg5f6]} Bxc3 10. Bxc3 Nxe4 11. Bxe4 dxe4 12. Ne2 $11) 9... e5 $146 ({Vorgänger:} 9... Bxc3 10. Bxc3 dxe4 11. Bxe4 Nxe4 12. Qxe4 O-O 13. Rg1 Nd7 14. O-O-O Nf6 {1-0 (69) Goldenstein,A (2009)-Mueller,M (2153) Goch 2007}) 10. Nxd5 Bxd2+ 11. Kxd2 Qa5+ 12. b4 Qd8 $1 13. Nf5 Bxf5 14. Nxf6+ Qxf6 15. exf5 Nc6 (15... O-O $11) 16. Qe4 (16. c3 $1 $16) 16... h5 $11 17. f4 (17. h3 $11) 17... O-O-O $17 {Droht stark ...Td4.} 18. g5 Qd6 19. Rab1 {[#]} (19. Rae1 $17 exf4 20. a3) 19... exf4 (19... Qc7 $1 $19 20. f6 gxf6) 20. b5 Rhe8 21. Qa4 axb5 22. Rxb5 Kb8 (22... Re7 $17 {Und ...Kb8 würde nun gewinnen.} 23. Re1 Rc7) 23. Rhb1 $1 $11 Rd7 24. Rb6 {zielt auf Dxc6 ab.} Rc7 25. Ra6 $1 {[%csl Ga4][%cal Ra6a8]} Kc8 $1 {[%cal Bb8c8,Bc8d7,Bd7e8,Be8d8][%mdl 32]} 26. Ra8+ Kd7 27. Rxe8 Kxe8 28. Rf1 f3 29. h4 Kd8 30. Rxf3 {Die Stellung ist ausgeglichen.} Ne5 31. Rf4 Rd7 32. f6 gxf6 {[%cal Re5d3]} ({Ein No Go ist} 32... Nxd3 $6 {[#]} 33. Rd4 $1 $16 {[%mdl 512]}) (32... Nxd3 $5 33. Rd4 $8 Qh2+ 34. Kxd3 Qh3+ 35. Kd2 gxf6 $16) 33. Rxf6 Qc5 {Droht ...Sc4+ und aus.} 34. Rf4 b5 35. Qa5+ Kc8 $1 36. Qa8+ Kc7 37. Qa5+ Kb7 {Und weiter mit ...Dd5 wäre nett.} 38. Ke2 Nxd3 39. cxd3 {[%mdl 4096] Endspiel KDT-KDT} Qe5+ 40. Re4 Qh2+ 41. Kd1 Rxd3+ 42. Kc1 Qg1+ 43. Qe1 $1 Qc5+ 44. Kb1 Qd5 45. Re7+ Ka6 46. Qe4 $1 {[%cal Re4d5] Mit der Idee Dxd5.} Rd1+ 47. Kc2 {Schwarz muss nun Dxd5 beachten.} Rd2+ 48. Kc1 {Precision: Weiß = 54%, Schwarz = 77%.} 1/2-1/2

[Event "71st RUS-ch Higher League 2018"]
[Site "Yaroslavl"]
[Date "2018.06.28"]
[Round "3"]
[White "Ovetchkin, Roman"]
[Black "Vastrukhin, Oleg"]
[Result "1-0"]
[WhiteElo "2546"]
[BlackElo "2420"]
[Annotator "TA"]
[PlyCount "105"]
[EventDate "2018.06.26"]
[EventType "swiss"]
[EventCountry "RUS"]
[SourceTitle "playchess.com"]
[Source "ChessBase"]
[SourceQuality "1"]

{[%evp 19,105,-25,-26,-27,-35,-29,-7,-12,-11,-50,-16,0,8,8,17,13,15,19,3,0,0,0,736,733,734,733,725,725,718,713,707,695,672,669,588,487,477,161,156,153,185,182,186,191,184,115,189,79,891,72,99,67,148,55,198,198,198,198,198,191,191,173,184,173,148,153,135,139,191,174,251,249,242,225,262,260,428,427,414,407,474,473,436,390,359,329,12847,12847]} 1. Nf3 g6 2. e4 Bg7 3. d4 c6 4. h3 d5 5. Nc3 Nf6 6. e5 Ne4 7. Bd3 Nxc3 8. bxc3 c5 9. dxc5 Nd7 {B15: Caro-Kann: 3 Nc3: 3...g6 and 3...dxe4 4 Nxe4 Nf6 5 Nxf6+ exf6} (9... Qa5 10. O-O O-O 11. Bd2 Qxc5 12. Rb1 Qc7 13. Re1 Nd7 14. Bf4 Qxc3 15. Qe2 Nb6 16. Bd2 Qc7 17. Ba5 Bd7 {0-1 (47) Gwaze,R (2433)-Ipatov,A (2583) Cape Town 2013}) 10. O-O O-O {LiveBook: 3 Games} 11. Re1 Nxc5 {Black has an edge.} 12. Be3 Qa5 $146 ({Predecessor:} 12... b6 13. Rb1 Qc7 14. Qc1 Bb7 15. Bh6 f5 16. Bxg7 Kxg7 17. Rb4 {1-0 (33) Fuglsang,F (2285)-Hansen,G (2260) Denmark 1997}) 13. Bd4 Bd7 14. Ng5 h6 15. e6 Nxd3 ({Much worse is} 15... Nxe6 $6 16. Nxe6 fxe6 17. Bxg6 $14) (15... Bxe6 {looks sharper.} 16. Bxc5 hxg5 17. Bd4 Bxd4 18. cxd4 Qb6) 16. Qxd3 Bb5 17. exf7+ Rxf7 18. Qxg6 hxg5 19. Qxg5 {And now Bxg7 would win.} Kf8 20. Re6 {Black must now prevent Rg6.} Bf6 $2 {[%mdl 8192]} (20... Qc7 $11) 21. Rxf6 $18 (21. Bxf6 exf6 22. Rxf6 Qc7 $16) 21... Rxf6 22. Bxf6 exf6 23. Qxf6+ Kg8 24. Rd1 {Rd4 would kill now.} Qb6 25. Qg5+ Kf8 26. Rxd5 {Hoping for Rf5+.} Be8 27. Qf4+ Bf7 28. Rd7 $2 (28. Rd6) 28... Qe6 29. Rxb7 Rc8 30. Rxa7 Rc4 31. Ra8+ Kg7 32. Qg5+ ({White should play} 32. Qg3+ $18 Qg6 33. Qb8) 32... Qg6 (32... Kh7 $16 {was necessary.}) 33. Qe7 (33. Qd8 $18 {[%csl Ga8][%cal Rd8h8] is more deadly.} Qf6 34. Qh8+ Kg6 35. Rg8+ Kf5 36. Qh7+ Ke6 37. Ra8 Qxc3 38. Qh6+ (38. Ra6+ Ke7 $18) 38... Kd7 39. Qg5) 33... Qf6 $2 {[%mdl 8192] [#]} (33... Qe6 $16 34. Qg5+ Kh7) 34. Qf8+ $2 (34. Rg8+ $1 $18 {[%mdl 512]} Kxg8 35. Qxf6) 34... Kg6 $16 35. Rd8 Re4 {[#]} (35... Be6 $1 $14) 36. Rd6 (36. Rd3 $1 $16) 36... Re6 (36... Be6 $14 37. Qxf6+ Kxf6) 37. Rxe6 $18 Qxe6 38. Qc5 Qxa2 39. Qd6+ Kh7 40. Qf6 Bg6 41. Qh4+ Kg8 42. Qd8+ Kh7 43. Qd7+ Kh8 (43... Kg8 $16) 44. Qd4+ Kh7 (44... Kg8 {was worth a try.} 45. c4 Qxc2) 45. c4 {[%cal Bc3c4,Bc4c5][%mdl 32]} Qb1+ 46. Kh2 Qb8+ 47. f4 {[%cal Bf2f4,Bf4f5,Bf5f6][%mdl 32]} Qb7 $2 (47... Bxc2 {was called for.} 48. c5 Qe8) 48. c3 Be4 49. Qe5 Qc6 50. c5 Bd5 51. Qe7+ Kg8 52. f5 Bxg2 $2 (52... Qa8 53. h4 Qa4 54. Qg5+ Kf7 55. Qg6+ Kf8 56. Qf6+ Kg8) 53. f6 {Precision: White = 58%, Black = 28%.} 1-0

[Event "71st RUS-ch Higher League 2018"]
[Site "Yaroslavl"]
[Date "2018.06.28"]
[Round "3"]
[White "Sychev, Klementy"]
[Black "Romanov, Evgeny"]
[Result "1-0"]
[WhiteElo "2527"]
[BlackElo "2628"]
[Annotator "TA"]
[PlyCount "97"]
[EventDate "2018.06.26"]
[EventType "swiss"]
[EventCountry "RUS"]
[SourceTitle "playchess.com"]
[Source "ChessBase"]
[SourceQuality "1"]

{[%evp 12,97,51,48,51,48,53,53,47,38,43,-3,-5,0,9,-29,-43,-115,-110,-81,-100,-115,-102,-197,-55,-98,0,0,0,0,0,0,0,0,0,0,0,-68,0,0,173,176,176,185,210,17,2,7,22,11,35,0,0,0,32,16,11,0,61,55,53,79,168,165,208,0,0,0,197,201,204,197,200,207,199,198,201,189,205,204,225,237,233,209,12835,12835,12833,12825]} 1. e4 {[%cal Be2e4,Be4e5][%mdl 32]} c5 2. Nf3 Nf6 3. Nc3 d5 4. Bb5+ Bd7 5. e5 Bxb5 6. Nxb5 {B29: Sicilian: 2 Nf3 Nf6 (Nimzowitsch Variation)} a6 (6... Nfd7 7. e6 fxe6 8. O-O Qb6 9. c4 Nc6 10. d3 d4 11. Ng5 a6 12. Na3 e5 13. Nb1 {½-½ (42) Adams,M (2744)-Grandelius,N (2644) Reykjavik 2015 CBM 170 [Ftacnik,L]}) 7. Nc3 {LiveBook: 3 Games} d4 8. Na4 {White is slightly better.} Nfd7 9. e6 $1 {[%cal Re6f7]} fxe6 {With the idea ...b5.} 10. Ng5 Qc7 11. Qe2 Nc6 $146 {next ...b5 is good for Black.} ({Predecessor:} 11... Qc6 12. Qxe6 Qxe6+ 13. Nxe6 {1-0 (54) Bogoljubow,E-Mikenas,V Prague 1931}) 12. Nxe6 Qd6 $1 13. d3 {Threatens to win with Bf4.} Nce5 14. Qh5+ (14. Nxf8 $15 Rxf8 15. b3) 14... g6 $17 15. Qh3 b5 16. f4 Nf7 $1 (16... bxa4 17. fxe5 Qxe5+ 18. Kd1 $14) 17. f5 (17. O-O $17 {was necessary.}) 17... bxa4 (17... Qe5+ $19 18. Kd1 Rc8 19. Naxc5 Nxc5 20. Nxf8 gxf5 21. Nxh7 Nd7) 18. Bf4 {[#]} Nde5 (18... Qc6 $1 $17 19. Nc7+ Kd8 20. Nxa8 Qxa8) 19. O-O $11 gxf5 $1 20. Qxf5 Bh6 $1 {[%cal Rh6f4] aiming for ...Bxf4.} 21. Rae1 $1 $36 {[%mdl 2048] White has some pressure.} Bxf4 22. Rxf4 Rb8 {Hoping for ...Rg8.} 23. Ng7+ Kd8 {...Rb6 is the strong threat.} 24. Ne6+ (24. Qh5 $11) 24... Ke8 (24... Kd7 $15 25. Nxc5+ Ke8) 25. Rfe4 {[%cal Re4e5]} Rb5 $2 (25... Nc6 $1 $11 {and Black stays safe.}) 26. Rxe5 $18 Nxe5 27. Rxe5 c4 {[#]} 28. Rxb5 $2 ({Only move:} 28. Nc5 $1 $18 Qc6 29. dxc4 Rxb2 30. Ne6) 28... axb5 $11 29. Qxb5+ $18 {[%mdl 4096] Endgame KQR-KQN} Kf7 30. Qf5+ Ke8 31. Qb5+ {[%mdl 1024] White has compensation.} Kf7 32. Qf5+ Ke8 33. Ng7+ Kd8 34. Qa5+ Kd7 ({Black should play} 34... Kc8 $11) 35. Qxa4+ $14 Qc6 36. Qa7+ Kc8 (36... Qc7 $16 37. Qxd4+ Qd6 38. Qa7+ (38. Qxc4 Qe5 $14) 38... Qc7 39. Qxc7+ Kxc7) 37. Nf5 $18 (37. Qxd4 cxd3 38. cxd3 (38. Nf5 $2 dxc2 39. Nxe7+ Kb7 $19) 38... Qc1+ 39. Kf2 Rf8+ 40. Kg3 Qc7+ 41. Kh3 Qd7+ 42. Qxd7+ Kxd7 $17) 37... Qe6 {[%cal Re6e1]} 38. Qa8+ $2 (38. Nxe7+ $18 Kd8 39. Nc6+ (39. Qxd4+ Kxe7 40. Qc5+ Kf6 $17) 39... Ke8 40. Qb8+ Kf7 41. Qc7+ Kf8 42. Qf4+ Kg7 43. Qxd4+ Qf6 44. Qg4+ Kh6 45. Qh3+ (45. Qxc4 Rc8 $17) (45. dxc4 Qxc6 46. Qf4+ Kg7 $11) 45... Kg7 46. Qg3+ (46. dxc4 Qxc6 47. Qg3+ Kf7 $11) 46... Qg6 47. Qc7+ Qf7 48. Qxf7+ Kxf7 49. Ne5+ (49. dxc4 Rc8 $18) 49... Ke6 50. Nxc4) 38... Kc7 $11 {[%cal Re6e1]} 39. Qa7+ $2 (39. Qa5+ $11 Kb7 40. Qb5+ Kc8 41. Qc5+ (41. Qxc4+ Qxc4 42. dxc4 e5 $11) 41... Kb7 42. Qb5+ (42. Qxe7+ Qxe7 43. Nxe7 Ra8 $11) 42... Ka8 43. Qa5+ Kb7 44. Qb5+) 39... Kc8 $18 {[%cal Re6e1]} 40. Nxe7+ Kd8 {[%cal Re6e1]} 41. Nc6+ $1 ({Weaker is} 41. Qxd4+ Kxe7 42. Qa7+ (42. Qg7+ $2 Kd6 $19) 42... Kf6 $17) 41... Ke8 {[%cal Re6e1]} 42. Qb8+ Kf7 {[%cal Re6e1]} 43. Ne5+ Kg7 44. Qc7+ Kf6 45. Nd7+ Kg6 {[%cal Re6e1]} 46. Qg3+ Kh5 47. Ne5 cxd3 $2 (47... Re8) 48. Qf4 {White wants to mate with g4+.} Rg8 49. cxd3 {Precision: White = 54%, Black = 58%.} 1-0

[Event "71st RUS-ch Higher League 2018"]
[Site "Yaroslavl"]
[Date "2018.06.28"]
[Round "3"]
[White "Lobanov, Sergei"]
[Black "Alekseev, Evgeny"]
[Result "1/2-1/2"]
[WhiteElo "2521"]
[BlackElo "2627"]
[Annotator "TA"]
[PlyCount "49"]
[EventDate "2018.06.26"]
[EventType "swiss"]
[EventCountry "RUS"]
[SourceTitle "playchess.com"]
[Source "ChessBase"]
[SourceQuality "1"]

{[%evp 30,49,12,4,10,5,0,0,0,0,0,0,0,0,0,0,0,0,0,0,0,0]} 1. e4 c5 2. Nf3 e6 3. d4 cxd4 4. Nxd4 a6 5. Nc3 d6 6. Be2 Nf6 7. O-O Be7 8. f4 O-O 9. Be3 Nc6 10. Qe1 Nxd4 11. Bxd4 b5 12. Rd1 {B85: Sicilian Scheveningen: 6 Be2 a6, lines with early Be3} (12. a3 Bb7 13. Qg3 Bc6 14. Kh1 Qc7 15. Rae1 Rac8 16. e5 dxe5 17. Bxe5 Qb7 18. f5 a5 19. fxe6 fxe6 20. Bd3 Rf7 21. Qh3 b4 22. axb4 axb4 23. Ne2 {½-½ (45) Kulaots,K (2590)-Ladva,O (2517) Tallinn 2018}) 12... Qc7 13. e5 dxe5 14. fxe5 Nd7 15. Ne4 Bb7 16. Nf6+ {LiveBook: 13 Games. The position is equal.} Nxf6 17. exf6 gxf6 18. Qh4 f5 ({Wrong is} 18... Qxc2 $2 19. Rxf6 Be4 20. Qg3+ Bg6 {[#]} 21. Qe5 $1 $18 {[%mdl 512]} (21. Rf2 Rad8 $15)) 19. Bf6 Bxf6 20. Qxf6 {[#] Hoping for Rd3.} Rad8 $146 21. Qg5+ Kh8 22. Qf6+ Kg8 23. Qg5+ Kh8 24. Qf6+ Kg8 25. Qg5+ 1/2-1/2

[Event "71st RUS-ch Higher League 2018"]
[Site "Yaroslavl"]
[Date "2018.06.28"]
[Round "3"]
[White "Sviridov, Valery"]
[Black "Motylev, Alexander"]
[Result "0-1"]
[WhiteElo "2513"]
[BlackElo "2659"]
[Annotator "TA"]
[PlyCount "46"]
[EventDate "2018.06.26"]
[EventType "swiss"]
[EventCountry "RUS"]
[SourceTitle "playchess.com"]
[Source "ChessBase"]
[SourceQuality "1"]

{[%evp 21,46,-77,-54,-40,-33,-56,-70,-67,-66,-65,-70,-197,-194,-174,-191,-187,-143,-182,-219,-252,-45,-75,-66,-44,-61,-615,-620]} 1. b3 e5 2. Bb2 Nc6 3. e3 Nf6 4. c4 d5 5. cxd5 Nxd5 6. a3 Bd6 7. d3 {[%cal Bd2d3,Bd3d4][%mdl 32] A01: Nimzowitsch-Larsen Opening} O-O 8. Nf3 Qe7 9. b4 $146 ({Predecessor:} 9. Be2 f5 10. O-O Bd7 11. Nbd2 b5 12. Qc2 Kh8 13. g3 Rae8 14. e4 Nb6 15. exf5 Rxf5 {1-0 (49) Granda Zuniga,J (2652)-Vocaturo,D (2572) Benasque 2015}) 9... a5 10. b5 Na7 11. d4 e4 {LiveBook: 9 Games} 12. Ne5 Be6 13. Nd2 f6 {[%cal Bf7f6,Bf6f5,Bf5f4][%mdl 32]} 14. Nec4 f5 ({Much weaker is} 14... Nxb5 $6 15. Nxe4 Bf5 16. Nexd6 $11) 15. Nxd6 cxd6 16. g3 (16. Bc4 $15) 16... f4 $1 $19 {[%cal Rf4e3]} 17. exf4 e3 18. Nf3 Rae8 $36 {[%mdl 2048] ...Bg4 is the strong threat. Keeping White busy.} 19. Be2 {White wants to play 0-0.} Bh3 20. Bc1 {[#]} exf2+ $2 (20... Kh8 $1 $19 21. fxe3 Nxe3) 21. Kxf2 $15 {Threatens to win with Bc4.} Nc3 22. Qb3+ Kh8 {[%mdl 1024] Black has compensation.} 23. Bd3 $2 {[%mdl 8192] [#]} (23. Re1 $15 Nxe2 24. Qc4) 23... Qe2+ $1 {[%mdl 512] Precision: White = 23%, Black = 77%.} 0-1

[Event "71st RUS-ch Higher League 2018"]
[Site "Yaroslavl"]
[Date "2018.06.28"]
[Round "3"]
[White "Goryachkina, Aleksandra"]
[Black "Kobalia, Mikhail"]
[Result "1/2-1/2"]
[WhiteElo "2505"]
[BlackElo "2608"]
[Annotator "RC"]
[PlyCount "87"]
[EventDate "2018.06.26"]
[EventType "swiss"]
[EventCountry "RUS"]
[SourceTitle "playchess.com"]
[Source "ChessBase"]
[SourceQuality "1"]
[TimeControl "40/5400+30:1800+30"]

1. d4 {[%emt 0:00:00]} d5 {[%emt 0:01:05]} 2. c4 {[%emt 0:00:00]} c6 {[%emt 0:00:04]} 3. cxd5 {[%emt 0:00:10]} cxd5 {[%emt 0:00:05]} 4. Bf4 {[%emt 0:00:13]} Nc6 {[%emt 0:00:15]} 5. e3 {[%emt 0:00:16]} Nf6 {[%emt 0:00:55]} 6. Nc3 {[%emt 0:00:24]} a6 {[%emt 0:00:05]} 7. Bd3 {[%emt 0:00:46]} Bg4 {[%emt 0:00:09]} 8. Nge2 {[%emt 0:00:23]} e6 {[%emt 0:00:07]} 9. O-O {[%emt 0:00:14]} Bd6 {[%emt 0:01:20]} 10. f3 {[%emt 0:07:32]} Bh5 {[%emt 0:00:17]} 11. Rc1 {[%emt 0:02:40]} Bg6 {[%emt 0:00:44]} 12. Bxd6 {[%emt 0:05:52]} Qxd6 {[%emt 0:00:19]} 13. Nf4 {[%emt 0:01:14]} Bxd3 {[%emt 0:01:40]} 14. Nxd3 {[%emt 0:00:14]} O-O {[%emt 0:00:06]} 15. Na4 {[%emt 0:01:58]} Nd7 {[%emt 0:05:04]} 16. Qd2 {[%emt 0:10:05]} Rfe8 {[%emt 0:05:21]} 17. Nac5 {[%emt 0:07:53]} Nxc5 {[%emt 0:04:40]} 18. Nxc5 {[%emt 0:00:31]} b6 {[%emt 0:07:25]} 19. Nd3 {[%emt 0:00:24]} Rac8 {[%emt 0:05:47]} 20. Rc3 {[%emt 0:04:07]} f6 {[%emt 0:02:09]} 21. Rfc1 {[%emt 0:01:05]} Ne7 {[%emt 0:02:23]} 22. Qd1 {[%emt 0:05:48]} Kf7 {[%emt 0:04:52]} 23. Qa4 {[%emt 0:06:31]} a5 {[%emt 0:00:29]} 24. Nf4 {[%emt 0:01:33]} g6 {[%emt 0:03:29]} 25. g3 {[%emt 0:09:40]} Rxc3 {[%emt 0:01:37]} 26. Rxc3 {[%emt 0:00:06]} Rc8 {[%emt 0:00:24]} 27. Rxc8 {[%emt 0:02:17]} Nxc8 {[%emt 0:00:48]} 28. Qc2 {[%emt 0:01:18]} Ne7 {[%emt 0:02:32]} 29. Kf2 {[%emt 0:00:46]} Qc6 {[%emt 0:04:32]} 30. Qxc6 {[%emt 0:01:44]} Nxc6 {[%emt 0:00:02]} 31. Nd3 {[%emt 0:01:35]} e5 {[%emt 0:02:44]} 32. dxe5 {[%emt 0:04:06]} fxe5 {[%emt 0:00:14]} 33. e4 {[%emt 0:00:32]} dxe4 {[%emt 0:15:47]} 34. fxe4 {[%emt 0:00:05]} Ke6 {[%emt 0:00:05]} 35. h4 {[%emt 0:01:28]} h5 {[%emt 0:05:21]} 36. Ke3 {[%emt 0:00:23]} Kd6 {[%emt 0:01:00]} 37. Kd2 {[%emt 0:00:53]} Nd4 {[%emt 0:00:42]} 38. Ke3 {[%emt 0:03:03]} b5 {[%emt 0:04:22]} 39. Kd2 {[%emt 0:01:07]} Ne6 {[%emt 0:00:49]} 40. Ke3 {[%emt 0:00:00]} Nc5 {[%emt 0:00:00]} 41. Ne1 {[%emt 0:04:41]} Na4 {[%emt 0:04:05]} 42. Nd3 {[%emt 0:00:16]} Nc5 {[%emt 0:00:31]} 43. Ne1 {[%emt 0:00:09]} Na4 {[%emt 0:00:02]} 44. Nd3 {[%emt 0:00:09]} 1/2-1/2

[Event "71st RUS-ch Higher League 2018"]
[Site "Yaroslavl"]
[Date "2018.06.28"]
[Round "3"]
[White "Sek, Konstantin"]
[Black "Antipov, Mikhail Al."]
[Result "0-1"]
[WhiteElo "2476"]
[BlackElo "2616"]
[Annotator "TA"]
[PlyCount "76"]
[EventDate "2018.06.26"]
[EventType "swiss"]
[EventCountry "RUS"]
[SourceTitle "playchess.com"]
[Source "ChessBase"]
[SourceQuality "1"]

{[%evp 18,76,-18,-10,0,-15,-5,-102,-128,-102,-48,0,20,0,11,7,7,2,25,0,31,28,213,203,233,251,223,36,31,-215,-191,-240,-254,-256,-211,-382,-398,-659,-662,-605,-434,-520,-462,-675,-453,-968,-952,-967,-964,-1567,-1553,-1314,-1295,-1216,-1208,-4137,-4137,-29965,-29943,-29985,-29970]} 1. e4 c5 2. Nf3 d6 3. d4 cxd4 4. Nxd4 Nf6 5. Nc3 a6 6. f4 e6 7. Be3 b5 8. a3 Bb7 9. Qf3 {B82: Sizilianisch (Scheveninger System)} Nbd7 10. Bd3 {LiveBook: 48 Partien} h5 11. O-O-O {Die Stellung ist ausgeglichen.} Rc8 12. Rhe1 $146 {[#]} (12. Bd2 $11) ({Vorgänger:} 12. Bd2 Be7 13. g3 Nb6 14. Rhe1 Nc4 {0-1 (34) Josse,M (2181)-Williams,S (2512) Gatwick 2011}) 12... Rxc3 $1 $17 13. bxc3 Nc5 (13... Qc7 $17 14. Kb1 Nc5) 14. Nb3 $1 $15 Na4 15. Nc5 $1 {[%cal Rc5b7]} dxc5 {[#]} 16. Bxb5+ $1 {[%mdl 512]} axb5 17. Rxd8+ Kxd8 18. f5 {[%cal Bf4f5,Bf5f6][%mdl 32] Und weiter mit fxe6 wäre nett.} e5 ({Ein No Go ist} 18... Bxe4 $6 19. Qf4 $16) 19. c4 Kc8 $2 (19... b4 $11) 20. cxb5 $18 Nxe4 {Und ...c4 würde nun gewinnen.} 21. f6 $1 {[%cal Rf6g7]} c4 {[#]} 22. Qf5+ $2 (22. Bd2 $1 $18 Nxf6 23. Qf5+ Nd7 24. Ba5 (24. Qxf7 Bxa3+ 25. Kb1 Nab6 $16)) 22... Kb8 $14 23. Kb1 $2 ({Natürlich nicht} 23. Qxe5+ Bd6 $11) (23. Bd2 $14 {bleibt weiter vorne.} g6 24. Qxe5+ Bd6 25. Qd4) 23... gxf6 $19 24. Qd7 {Droht Dd8+ und aus.} Bxa3 $40 {[%mdl 128] Weiss ist in Schwierigkeiten.} 25. Bc1 Bb4 26. Re3 $2 (26. Rxe4 {ist der einzige Weg für Weiss..} Nc3+ 27. Ka1 Nxe4 28. Be3) 26... Bc5 27. b6 $2 (27. Re1 Bf2 28. Re3) 27... Nxb6 28. Qxf7 Nd5 29. Rh3 Rd8 30. c3 (30. Ba3 $142 Nec3+ 31. Kb2) 30... Bc6 31. Bb2 (31. Ka1 $142) 31... Ng5 32. Qxh5 Nf4 33. Qh6 Ngxh3 34. Qxf6 Kc7 {( -> ...Le4+)} 35. Qxe5+ Kb6 36. gxh3 Nd3 37. Qe6 Kb5 38. Qg4 Rf8 {Precision: Weiß = 28%, Schwarz = 57%.} 0-1

[Event "71st RUS-ch Higher League 2018"]
[Site "Yaroslavl"]
[Date "2018.06.28"]
[Round "3"]
[White "Yanchenko, Roman"]
[Black "Esipenko, Andrey"]
[Result "1/2-1/2"]
[WhiteElo "2462"]
[BlackElo "2599"]
[Annotator "ChessBase"]
[PlyCount "112"]
[EventDate "2018.06.26"]
[EventType "swiss"]
[EventCountry "RUS"]
[SourceTitle "playchess.com"]
[Source "ChessBase"]
[SourceQuality "1"]
[TimeControl "40/5400+30:1800+30"]

1. Nf3 {[%emt 0:00:00]} d5 {[%emt 0:00:01]} 2. d4 {[%emt 0:00:00]} Nf6 {[%emt 0:00:06]} 3. c4 {[%emt 0:00:00]} e6 {[%emt 0:00:03]} 4. Nc3 {[%emt 0:00:25]} c6 {[%emt 0:00:06]} 5. e3 {[%emt 0:00:02]} Nbd7 {[%emt 0:00:04]} 6. Qc2 {[%emt 0:00:17]} b6 {[%emt 0:00:07]} 7. b3 {[%emt 0:00:09]} Bb7 {[%emt 0:00:07]} 8. Bb2 {[%emt 0:01:37]} Bd6 {[%emt 0:00:21]} 9. Bd3 {[%emt 0:00:26]} O-O {[%emt 0:00:25]} 10. O-O {[%emt 0:00:09]} h6 {[%emt 0:15:29]} 11. e4 {[%emt 0:07:36]} dxe4 {[%emt 0:01:19]} 12. Nxe4 {[%emt 0:00:07]} Nxe4 {[%emt 0:00:13]} 13. Bxe4 {[%emt 0:00:03]} Nf6 {[%emt 0:02:16]} 14. c5 {[%emt 0:01:06]} Nxe4 {[%emt 0:00:55]} 15. Qxe4 {[%emt 0:00:08]} Bc7 {[%emt 0:00:06]} 16. Ne5 {[%emt 0:02:00]} Qd5 {[%emt 0:02:43]} 17. Qxd5 {[%emt 0:00:22]} exd5 {[%emt 0:00:13]} 18. Rac1 {[%emt 0:01:00]} b5 {[%emt 0:01:04]} 19. Rfe1 {[%emt 0:01:56]} Rfd8 {[%emt 0:03:21]} 20. Bc3 {[%emt 0:03:06]} Re8 {[%emt 0:08:01]} 21. f3 {[%emt 0:03:15]} f6 {[%emt 0:00:25]} 22. Nd3 {[%emt 0:00:07]} Kf7 {[%emt 0:00:25]} 23. Rxe8 {[%emt 0:00:18]} Rxe8 {[%emt 0:00:04]} 24. Re1 {[%emt 0:00:02]} Ra8 {[%emt 0:03:03]} 25. Bd2 {[%emt 0:01:55]} g5 {[%emt 0:00:08]} 26. Re2 {[%emt 0:01:48]} a5 {[%emt 0:01:29]} 27. a3 {[%emt 0:04:38]} b4 {[%emt 0:09:00]} 28. axb4 {[%emt 0:01:48]} Ba6 {[%emt 0:00:07]} 29. Re3 {[%emt 0:00:03]} axb4 {[%emt 0:00:07]} 30. g3 {[%emt 0:03:45]} Bb5 {[%emt 0:02:33]} 31. Nxb4 {[%emt 0:03:16]} Ra3 {[%emt 0:11:01]} 32. Kf2 {[%emt 0:02:36]} h5 {[%emt 0:01:05]} 33. Re1 {[%emt 0:05:30]} Ba5 {[%emt 0:08:16]} 34. Nc2 {[%emt 0:03:07]} Ra2 {[%emt 0:02:46]} 35. Bxa5 {[%emt 0:00:05]} Rxc2+ {[%emt 0:00:12]} 36. Kg1 {[%emt 0:00:02]} Rb2 {[%emt 0:01:44]} 37. Re3 {[%emt 0:02:00]} Ra2 {[%emt 0:07:42]} 38. Bd8 {[%emt 0:00:08]} Ra8 {[%emt 0:00:20]} 39. Bc7 {[%emt 0:00:55]} Ra1+ {[%emt 0:00:32]} 40. Kf2 {[%emt 0:00:00]} Ra2+ {[%emt 0:00:00]} 41. Kg1 {[%emt 0:00:04]} h4 {[%emt 0:08:28]} 42. gxh4 {[%emt 0:00:10]} gxh4 {[%emt 0:00:13]} 43. h3 {[%emt 0:03:13]} Rd2 {[%emt 0:01:45]} 44. Bd8 {[%emt 0:00:06]} Rxd4 {[%emt 0:00:07]} 45. Re7+ {[%emt 0:00:04]} Kg6 {[%emt 0:00:06]} 46. Re6 {[%emt 0:00:13]} Rf4 {[%emt 0:03:00]} 47. Kf2 {[%emt 0:00:14]} d4 {[%emt 0:01:24]} 48. Re4 {[%emt 0:02:01]} Rxe4 {[%emt 0:02:20]} 49. fxe4 {[%emt 0:00:02]} Ba6 {[%emt 0:00:24]} 50. Bc7 {[%emt 0:01:30]} Bc8 {[%emt 0:00:18]} 51. Ke2 {[%emt 0:00:12]} Bxh3 {[%emt 0:02:17]} 52. Kd3 {[%emt 0:00:04]} Bf1+ {[%emt 0:00:10]} 53. Kxd4 {[%emt 0:00:02]} Kg5 {[%emt 0:00:06]} 54. Ke3 {[%emt 0:00:29]} Kg4 {[%emt 0:00:33]} 55. e5 {[%emt 0:00:30]} fxe5 {[%emt 0:00:12]} 56. Bxe5 {[%emt 0:00:02]} Bb5 {[%emt 0:00:11]} 1/2-1/2